Регионална библиотека "Любен Каравелов" - Русе

Пътища и пътешественици (Запис номер 187301)

MARC детайли
000 -Лидер
Контролно поле с фиксирана дължина 01778nam a2200385 c 4500
003 - Код на организацията, давaща контролен номер
Контролно поле BLK
005 - Дата и час на последна редакция
Контролно поле 20250530123748.0
008 - Елементи от данни с фиксирана дължина
fixed length control field 180411b bul|||||r ||||||| ||bul||
010 ## - Наследен системен номер
LC control number KNG00196310000
040 ## - Източник на каталожния запис
Идентификатор на билиотеката - собственик на записа BLK
041 ## - Код за език
Код за езика на текст/звукозапис или на отделно заглавие Български
Код за езика КДБФ Български
080 ## - УДК
Текстов определител УДК Османско владичество (14 - 19 век). България през периода на късния феодализъм
УДК код - определител по УДК 94(497.2)"1396/1878"
УДК определител (093)
УДК - код + определител 94(497.2)"1396/1878"(093)
080 ## - УДК
Текстов определител УДК Период на кризата на феодализма, зараждане на капиталистически отношения. Възраждане на българския народ (II пол. на ХVIII в. - 1878 г.)
УДК код - определител по УДК 94(497.2)"1750/1878"
УДК определител (093)
УДК - код + определител 94(497.2)"1750/1878"(093)
080 ## - УДК
Текстов определител УДК Българска литература
УДК код - определител по УДК 821.163.2
УДК определител -94
УДК - код + определител 821.163.2-94
139 ## - Редно поле
Редна дума Пътища и пътешественици
Авторски знак Път - П 98
245 10 - Сведения за заглавието
Заглавие Пътища и пътешественици
Подзаглавни данни ХІV - ХІХ век : Сборник
Редно поле (дума) подб. и ред. Светла Русева Гюрова.
257 ## - Страна на издаване
Страна на създаване/издаване България
260 ## - Област на издателските данни
Име на издателя, разпространителя и проч. Бълг. писател
Година на издаване 1982
Място на издаване, разпространение и проч. София
300 ## - Физическа характеристика
Страници 487 с.
Размери/Мащаб 21 см
380 ## - Жанр
Жанр История
490 ## - СЕРИИ (Колекции)
Име на серия Библиотека Български писатели
9 (RLIN) 458671
500 ## - Общи забележки
Забележка 6 113 тир.
650 #0 - Допълнително описание по предмет – тема
Основно описание – тема или топоним България - история - извори
9 (RLIN) 254752
700 1# - Други автори (авторска отговорност)
Лично име Гюрова, Светла Русева
Автороска отговорност (Описва отношението между автора и произведението) подб. и ред.
9 (RLIN) 364441
852 ## - Местоположение
Форматна сигнатура Цб 116974
Фондова буква Хранилище
856 4# - Електронен адрес и достъп
Електронен формат pdf - файл
856 4# - Електронен адрес и достъп
Електронен формат pdf - файл
999 ## - СИСТЕМНИ КОНТРОЛНИ НОМЕРА
Koha biblionumber 187301
Koha biblioitemnumber 187301
942 ## - АРТИКУЛИ
Вид на библиотечния материал Книги
Скрит в OPAC Не
Koha issues (borrowed), all copies 2
Периодичен библиозапис Да
944 ## - СЪЗДАВАНЕ И РЕДАКЦИЯ на ЗАПИСА
Създаване/Редакция Създаване
Дата на регистрацията/редакция 16.11.2016
Служител, извършил регистрацията/редакцията 30535
Статус, дата на статуса Христина Везирева
944 ## - СЪЗДАВАНЕ И РЕДАКЦИЯ на ЗАПИСА
Създаване/Редакция Редакция
Дата на регистрацията/редакция 16.11.2016
Служител, извършил регистрацията/редакцията Правда_Бадева
944 ## - СЪЗДАВАНЕ И РЕДАКЦИЯ на ЗАПИСА
Създаване/Редакция Редакция
Дата на регистрацията/редакция 2022-04-20
Служител, извършил регистрацията/редакцията ВП
999 ## - СИСТЕМНИ КОНТРОЛНИ НОМЕРА
Koha biblioitemnumber 187301
999 ## - СИСТЕМНИ КОНТРОЛНИ НОМЕРА
Koha biblioitemnumber 187301
999 ## - СИСТЕМНИ КОНТРОЛНИ НОМЕРА
Koha biblioitemnumber 187301
Наличности
Код за отписване Код за изгубен артикул Източник на класификационната схема Код за повреда Коз за рестрикции Код за отдаване Артикулен № Име на библиотеката - собственик Име на библиотеката, в която се намира в момента Статус (Текущо местоположение) Дата на вписване в системата Местоположение - отдел Цена в лева Инвентарен номер Систематично азбучна сигнатура Баркод Номер на екземпляра Цена в евро Служебна бележка Служебен тип на артикула Бележка за публиката
  Не е изгубен Universal Decimal Classification Не е повреден без рестрикции ползва се в читалня 326877 Регионална библиотека "Любен Каравелов" Русе Регионална библиотека "Любен Каравелов" Русе Хранилище 1982-01-01 Хранилище 3.47 361284 Цб 116974 120000361284 1 1.77 N: стар фонд Дата: 01.01.1982 Книги  
Изтеглен Не е изгубен   Не е повреден без рестрикции заемане за дома 326878 Регионална библиотека "Любен Каравелов" Русе Регионална библиотека "Любен Каравелов" Русе   1982-01-01 Заемна - подръчен фонд 3.47 360872 П 949.72.03/П 98 360872 2 1.77 N: стар фонд Дата: 01.01.1982 Книги Отч.N: 6/2018 , Дата: 22.01.2018
Изтеглен Не е изгубен Universal Decimal Classification Не е повреден без рестрикции заемане за дома 326879 Регионална библиотека "Любен Каравелов" Русе Регионална библиотека "Любен Каравелов" Русе Заемна - подръчен фонд 1982-01-01 Заемна - подръчен фонд 3.47 360873 П 949.72.03/П 98 360873 3 1.77 N: стар фонд Дата: 01.01.1982 Дата инв: 16.02.2018 Бележки инв: П2018 Книги  
Изтеглен Не е изгубен Universal Decimal Classification Не е повреден без рестрикции заемане за дома 326880 Регионална библиотека "Любен Каравелов" Русе Регионална библиотека "Любен Каравелов" Русе Заемна - подръчен фонд 1982-01-01 Заемна - подръчен фонд 3.47 360874 821.163.2-94/П 98 360874 4 1.77 N: стар фонд Дата: 01.01.1982 Дата инв: 12.02.2018 Бележки инв: П2018 Книги  
Изтеглен Не е изгубен Universal Decimal Classification Не е повреден без рестрикции заемане за дома 326881 Регионална библиотека "Любен Каравелов" Русе Регионална библиотека "Любен Каравелов" Русе Заемна - подръчен фонд 1982-01-01 Заемна - подръчен фонд 3.47 360875 П 949.72.03/П 98 360875 5 1.77 N: стар фонд Дата: 01.01.1982 Книги  
Vip Innovations Ltd, Rousse, Bulgaria 2025